000 00553nam a22001577a 4500
020 _qHBK.
082 _a658
100 _aImran, Aleena
245 _aAntecedents to Participation in Training and Development Interventions: A Comparison Between Public and Private Sector Companies of Pakistan
_cAllena Imran.
260 _aIslamabad:
_bNBS - NUST,
_c2016.
300 _a68 p. : ill. ;
_c30cm.
650 _aMBA Thesis.
_917629
700 _aDr. Faisal Asghar Imam.
_917787
942 _2ddc
_cTHE
999 _c527444
_d527444